00642nam a22001577a 450000500170000000800410001702000150005824501820007325000220025526000600027730000280033749000130036550400280037865100420040670000360044820180504150330.0180504t2003 ag gr|||| 000 0 spa|| a950808395600aIntelectuales y política en América Latina b : el desencantamiento del espiritu crítico c / Wilhelm Hofmeister, H.C.F. Mansilla (ed.) ; O. Chávez Zamorano ... [et al.] aPrimera edición aRosario, Santa Fe ; Argentina :bHomo Sapiens, c©2003 a269 páginas ;c23 cm.0 aPoliteia aIncluye bibliografías 4aLatinoamerica xPolítica y gobierno1 aHofmeister, Wilhelm, eeditores